000 00340nam a22001337a 4500
008 180910b xxu||||| |||| 00| 0 eng d
020 _a9780226901350
041 _aeng
080 _a316
100 _a51
101 _aSOC
245 _aDarwin Catherdal Evolution Reeligion And The Nature Of society
_cWilson.D.S
942 _2udc
_cBK
999 _c47631
_d47631